000 00626nam a22002297a 4500
003 UA-OsUOA
001 38678
007 ta
008 20080205b un ||||| |||| 00| 0 ukr d
090 _a050
942 _cMG
040 _aUA-OsUOA
_bger
_cUA-OsUOA
_dUA-OsUOA
245 _aEuropa Ethnica
300 _a63 с.
955 _a1
041 _ager
080 _a050
260 _c2007
310 _aVol. 64, 2007
650 7 _a050 Серійні публікації. Періодика галузі, Організація та інші типи поєднання (співробітництва)
_2UDC
999 _c437191
_d437191